Microeconomics (Record no. 12340)

MARC details
000 -LEADER
fixed length control field 00479nam a22001937a 4500
003 - CONTROL NUMBER IDENTIFIER
control field mut
005 - DATE AND TIME OF LATEST TRANSACTION
control field 20240606081222.0
008 - FIXED-LENGTH DATA ELEMENTS--GENERAL INFORMATION
fixed length control field 170928b xxu||||| |||| 00| 0 eng d
020 ## - INTERNATIONAL STANDARD BOOK NUMBER
International Standard Book Number 0201664690
040 ## - CATALOGING SOURCE
Transcribing agency mut
050 ## - LIBRARY OF CONGRESS CALL NUMBER
Classification number HB 172
Item number .L56 2001
100 ## - MAIN ENTRY--PERSONAL NAME
Personal name Lipsey, Richard G.
245 ## - TITLE STATEMENT
Title Microeconomics
250 ## - EDITION STATEMENT
Edition statement 10th Canadian ed.
260 ## - PUBLICATION, DISTRIBUTION, ETC.
Place of publication, distribution, etc. Toronto
Name of publisher, distributor, etc. Addison Wesley
Date of publication, distribution, etc. 2001
650 ## - SUBJECT ADDED ENTRY--TOPICAL TERM
Topical term or geographic name entry element Microeconomics
700 ## - ADDED ENTRY--PERSONAL NAME
Personal name Ragan, Christopher T.S.
942 ## - ADDED ENTRY ELEMENTS (KOHA)
Source of classification or shelving scheme Library of Congress Classification
Koha item type Books
Holdings
Withdrawn status Lost status Source of classification or shelving scheme Damaged status Not for loan Home library Current library Shelving location Date acquired Source of acquisition Total checkouts Full call number Barcode Date last seen Price effective from Koha item type
    Library of Congress Classification     Murang'a University of Technology Library Murang'a University of Technology Library General stacks 28/09/2017 Donation-TFC   HB 172 .L56 2001 013375 30/08/2024 28/09/2017 Books